Statistiques concernant Tous les adversaires du RC Toulon en Coupe d'Europe.

Cliquez ici pour prendre le quiz!

Statistiques générales

  • Ce quiz a été pris 105 fois
    (25 depuis la dernière actualisation)
  • Le résultat moyen est 13 sur 22

Statistiques - réponses

ÉquipesMatchesVictoiresNulsDéfaitesDifférence% Correct
ASM Clermont3201-13
96%
Munster5203-15
91%
Leinster440039
87%
Saracens420214
87%
Leicester Tigers320117
74%
Edinburgh Rugby2002-37
70%
Racing 921001-3
70%
Benetton Trévise220037
65%
Exeter Chiefs320116
65%
Glasgow Warriors32016
61%
Ulster220048
61%
Cardiff Blues430147
61%
London Wasps3201-8
61%
Sale Sharks5500110
61%
Bath Rugby43017
52%
Llanelli Scarlets640241
48%
Montpellier HR4202-10
48%
USA Perpignan1001-4
43%
London Irish220027
43%
Ospreys2101-7
39%
Newcastle Falcons21012
35%
Northampton Saints1001-3
9%

Distribution des résultats

Percentile par nombre de réponses

% des personnes avec chaque résultat

Votre développement - résultats

Vous n’avez pas pris ce quiz depuis la dernière actualisation